Normal view
MARC view
Entry Topical Term
001 - CONTROL NUMBER
- control field: 26575
003 - CONTROL NUMBER IDENTIFIER
- control field: dpl
005 - DATE AND TIME OF LATEST TRANSACTION
- control field: 20110315113110.0
008 - FIXED-LENGTH DATA ELEMENTS
- fixed length control field: 110315|||a|||||| | ||| d
040 ## - CATALOGING SOURCE
- Original cataloging agency: dpl
- Transcribing agency: dpl
150 ## - HEADING--TOPICAL TERM
- Topical term or geographic name as entry element: Wireless LANs
- Form subdivision: Study guides
- General subdivision: Security measures
- General subdivision: Examinations
670 ## - SOURCE DATA FOUND
- Source citation: Work cat.: (dpl): 26524 Carpenter, Tom 1972-, CWNA certified wireless network administrator & CWSP certified wireless security professional : |b exam guide (PWO-104 & PWO-204) /, 2010
670 ## - SOURCE DATA FOUND
- Source citation: Work cat.: (dpl): 26524 Carpenter, Tom 1972-, CWNA certified wireless network administrator & CWSP certified wireless security professional : |b exam guide (PWO-104 & PWO-204) /, 2010
